| 000 | 00651nam a22001697a 4500 | ||
|---|---|---|---|
| 999 |
_c60992 _d60992 |
||
| 005 | 20231205094830.0 | ||
| 008 | 231205b xxu||||| |||| 00| 0 geo d | ||
| 041 | _aeng | ||
| 080 | _a902.6(38) S-69 | ||
| 100 |
_aSnodgrass, A. M. _919646 |
||
| 245 |
_aEarly Greek armour and weapons : _bFrom the end of the bronze age to 600 B.C / _cA. M. Snodgrass. |
||
| 264 |
_aEdinburgh, _c1964. |
||
| 300 |
_a280 p.: _bill.; _c25 cm. |
||
| 653 | _aბრინჯაოს ხანის ბოლოდან 600 წ. წბერძნული ჯავშანი | ||
| 653 | _aბერძნული იარაღი | ||
| 942 |
_2udc _cᲬᲘᲒᲜᲘ |
||